LEADER 01306nam0-2200409---450- 001 990000924070203316 005 20041215131256.0 010 $a88-06-11526-X 035 $a0092407 035 $aUSA010092407 035 $a(ALEPH)000092407USA01 035 $a0092407 100 $a20020129d1989----km-y0ITAy01------ba 101 $aita 102 $aIT 105 $a||||||||001yy 200 1 $aSaggio sull'origine delle lingue$edove si parla della melodia e dell'imitazione musicale$fJean-Jacques Rousseau 210 $aTorino$cG. Einaudi$d1989 215 $aXXXVI, 114 p$d18 cm 225 2 $aNuova universale Einaudi$v197 410 $12001$aNuova universale Einaudi$v197 676 $a401. 700 1$aROUSSEAU,$bJean-Jacques <1712-1778>$0132862 702 1$aBORA,$bPaola 801 0$aIT$bsalbc$gISBD 912 $a990000924070203316 951 $aIV.2. 41(VARIE COLL. 10/197)$b119677 LM$cVARIE COLL. 959 $aBK 969 $aUMA 979 $aPATTY$b90$c20020129$lUSA01$h1650 979 $c20020403$lUSA01$h1735 979 $aPATRY$b90$c20040406$lUSA01$h1704 979 $aCOPAT3$b90$c20041215$lUSA01$h1312 979 $aPASSARO$b90$c20140530$lUSA01$h1321 979 $aPASSARO$b90$c20140530$lUSA01$h1323 996 $aEssai sur l'origine des langues$930433 997 $aUNISA LEADER 01366nam0-2200325 --450 001 9910549187403321 005 20220324132843.0 010 $a978-88-7607-202-4 100 $a20220324d2020----kmuy0itay5050 ba 101 0 $aita$amul$cita 102 $aIT 105 $aa 001yy 200 1 $a<>realtà della schiavitù$eidentità e biografie da Eumeo a Frederick Douglass = Les rèalites de l'esclavage: identitès et biographies d'Eumèè à Frederick Douglass$eGIREA, XL Convegno internazionale, Napoli, 18-20 dicembre 2017$eatti$fa cura di Francesca Reduzzi Merola, Maria Vittoria Bramante, Adelaide Caravaglios 210 $aNapoli$cSatura$d2020 215 $aXVI, 602 p.$cill.$d24 cm 300 $aIn cop.: GIREA, Groupe international de recherches sur l'esclavage de puis l'antiquité 300 $aTesti in italiano, francese, inglese o spagnolo 610 0 $aSchiavitù$aAtti di congressi 676 $a306.362$v23$zita 702 1$aReduzzi Merola,$bFrancesca 702 1$aCaravaglios,$bAdelaide 702 1$aBramante,$bMaria Vittoria 710 02$aGroupe international de recherches sur l'esclavage dans l'antiquité$0205400 801 0$aIT$bUNINA$gREICAT$2UNIMARC 901 $aBK 912 $a9910549187403321 952 $aII M 270$b45/2022$fFSPBC 959 $aFSPBC 996 $aRealtà della schiavitù$92798061 997 $aUNINA LEADER 02383nam 2200613 a 450 001 9910966422403321 005 20251117115943.0 035 $a(CKB)1000000000002806 035 $a(OCoLC)70764846 035 $a(CaPaEBR)ebrary2001856 035 $a(SSID)ssj0000279323 035 $a(PQKBManifestationID)11210654 035 $a(PQKBTitleCode)TC0000279323 035 $a(PQKBWorkID)10259482 035 $a(PQKB)10279183 035 $a(MiAaPQ)EBC3016990 035 $a(Au-PeEL)EBL3016990 035 $a(CaPaEBR)ebr2001856 035 $a(OCoLC)923650720 035 $a(BIP)527813 035 $a(EXLCZ)991000000000002806 100 $a19960313d1996 uy 0 101 0 $aeng 135 $aurcn||||||||| 181 $ctxt 182 $cc 183 $acr 200 10$aExistence, thought, style $eperspectives of a primary relation : portrayed through the work of Sren Kierkegaard /$fG. Heath King ; edited by Timothy Kircher 205 $a1st ed. 210 $aMarquette $cMarquette University Press$dc1996 215 $a1 online resource (208 p.) 225 1 $aMarquette studies in philosophy ;$vno. 9 300 $aOriginally presented in German as the author's thesis (doctoral--Universitat Freiburg im Breisgau, 1984). 311 08$a0-87462-606-4 320 $aIncludes bibliographical references (p. [173]-181) and index. 327 $aIntro -- Editor's Introduction -- Chapter I -- Chapter II -- Chapter III -- Chapter IV -- Chapter V -- Chapter VI -- Chapter VII -- Bibliography of Cited Works -- Index of Names. 330 $aThis work considers how relevant the mode of existence of a philosopher is to his philosophizing. On the basis of this insight, the work derives an understanding of style that has in view this very correspondence of thought and mode of existence. 410 0$aMarquette studies in philosophy ;$v#9. 606 $aStyle (Philosophy) 606 $aIndividual differences 606 $aThought and thinking 615 0$aStyle (Philosophy) 615 0$aIndividual differences. 615 0$aThought and thinking. 676 $a198/.9 700 $aKing$b G. Heath$01596752 701 $aKircher$b Timothy$01622914 801 0$bMiAaPQ 801 1$bMiAaPQ 801 2$bMiAaPQ 906 $aBOOK 912 $a9910966422403321 996 $aExistence, thought, style$94470021 997 $aUNINA